| 000 | 00555nam a22001697a 4500 | ||
|---|---|---|---|
| 003 | NUST | ||
| 038 | _aNusrat Nadeem | ||
| 082 | _a200 | ||
| 100 |
_aUmar, Umara _9118392 |
||
| 245 |
_aAn AI-Aided Cardiovascular Care Unit for the Classification of Arrhythmias and Cardiac Maladies/ _cUmara Umar, |
||
| 264 |
_aIslamabad: _bSEECS, NUST, _c2023. |
||
| 300 | _a96 p. ; | ||
| 650 |
_aMS- Information Technology _926924 |
||
| 700 |
_aSupervisor: Dr. Rabia Irfan _996910 |
||
| 856 | _uhttp://10.250.8.41:8080/xmlui/handle/123456789/37051 | ||
| 942 |
_2ddc _cSC |
||
| 999 |
_c603347 _d603347 |
||